Riadenie marketingových aktivít
Salvato in:
| Autore principale: | |
|---|---|
| Ente Autore: | |
| Altri autori: | |
| Natura: | Libro |
| Lingua: | slovacco |
| Pubblicazione: |
Bratislava
GeoPARNAS
2005
|
| Soggetti: | |
| Tags: |
Nessun Tag, puoi essere il primo ad aggiungerne!!
|
MARC
| LEADER | 00000nam$a2200000$$$4500 | ||
|---|---|---|---|
| 001 | 0037026 | ||
| 005 | 20240502071454.4 | ||
| 020 | |a 80-969420-3-4 | ||
| 041 | 0 | |a slo | |
| 044 | |a SK | ||
| 245 | 1 | 0 | |a Riadenie marketingových aktivít |c Jozef Čimo, Miroslav Mariaš |
| 264 | 1 | |a Bratislava |b GeoPARNAS |c 2005 | |
| 300 | |a 273 s. | ||
| 610 | 2 | 0 | |a marketing |
| 610 | 2 | 0 | |a stratégia marketingová |
| 610 | 2 | 0 | |a stratégia podnikateľská |
| 610 | 2 | 0 | |a riadenie strategické |
| 610 | 2 | 0 | |a systémy informačné |
| 610 | 2 | 0 | |a plán marketingový |
| 610 | 2 | 0 | |a analýzy |
| 610 | 2 | 0 | |a kultúra podniková |
| 610 | 2 | 0 | |a globalizácia |
| 100 | 1 | |a Čimo, Jozef | |
| 700 | 1 | |a Mariaš, Miroslav | |
| 710 | 2 | |a Ekonomická univerzita v Bratislave | |